[Event "GMB"]
[Site "Wijk aan Zee NED"]
[Date "2004.01.10"]
[Round "1"]
[White "Nijboer,F"]
[Black "Fressinet,L"]
[Result "0-1"]
[WhiteElo "2586"]
[BlackElo "2636"]
[EventDate "2004.01.10"]

1. e4 e5 2. Nf3 Nc6 3. Bb5 a6 4. Ba4 Nf6 5. O-O Be7 6. Re1 b5 7. Bb3 O-O 8.
h3 Bb7 9. d3 d6 10. a3 Nb8 11. Nbd2 Nbd7 12. Nf1 Re8 13. Ng3 c6 14. Ba2 Bf8
15. Nh2 d5 16. Qf3 g6 17. h4 h5 18. Bg5 Bg7 19. Rad1 Qc7 20. c3 a5 21. Nhf1
b4 22. Ne3 Qd6 23. Nc2 bxc3 24. bxc3 Rab8 25. d4 Ba8 26. Bc1 Ng4 27. Ne3
Nxe3 28. Qxe3 Qe7 29. Qg5 Qf8 30. exd5 cxd5 31. Nf1 exd4 32. cxd4 Nf6 33.
Rxe8 Rxe8 34. Qd2 a4 35. f3 Qd6 36. Bb1 Bb7 37. Qf2 Ba6 38. Re1 Rxe1 39.
Qxe1 Qb6 40. Be3 Qb3 41. Qc1 Ne8 42. Bc2 Qc4 43. Qd1 Nd6 44. Bf2 Bb5 45.
Ne3 Qc6 46. Kh2 Nc4 47. Nxc4 Qxc4 48. g4 hxg4 49. fxg4 Bd7 50. Bd3 Qa2 51.
Kg1 Qxa3 52. Bc2 Qa2 53. Bd3 Qb2 0-1

[Event "GMB"]
[Site "Wijk aan Zee NED"]
[Date "2004.01.11"]
[Round "2"]
[White "Nijboer,F"]
[Black "Granda Zuniga,J"]
[Result "1-0"]
[WhiteElo "2586"]
[BlackElo "2581"]
[EventDate "2004.01.10"]

1. e4 c5 2. Nf3 e6 3. Nc3 a6 4. d4 cxd4 5. Nxd4 Qc7 6. Be3 Nf6 7. f3 Bb4 8.
Nde2 d5 9. e5 Nfd7 10. f4 b5 11. a3 Ba5 12. Qd2 Nb6 13. Nd4 Nc4 14. Bxc4
Qxc4 15. Nb3 Bxc3 16. Qxc3 Nc6 17. Qd3 Ne7 18. Nd4 Bd7 19. b3 Qc7 20. O-O
O-O 21. Rae1 Rfc8 22. Rf3 Qa5 23. b4 Qc7 24. Re2 Qc4 25. Nb3 Nf5 26. Bc5 a5
27. g4 Nh4 28. Rf1 axb4 29. axb4 h5 30. h3 Ra3 31. Rd2 Ng6 32. Qe3 Re8 33.
Rff2 Bc6 34. Rd4 f6 35. exf6 gxf6 36. gxh5 1-0

[Event "GMB"]
[Site "Wijk aan Zee NED"]
[Date "2004.01.11"]
[Round "2"]
[White "Fressinet,L"]
[Black "Hamdouchi,H"]
[Result "1-0"]
[WhiteElo "2636"]
[BlackElo "2588"]
[EventDate "2004.01.10"]

1. e4 e6 2. d4 d5 3. Nc3 Nf6 4. Bg5 dxe4 5. Nxe4 Be7 6. Bxf6 Bxf6 7. Nf3
Nd7 8. Qd2 b6 9. Bb5 Bb7 10. Nxf6+ gxf6 11. Qc3 O-O 12. Bc6 Bxc6 13. Qxc6
f5 14. O-O-O Nf6 15. Rhe1 Qd6 16. Ne5 Ng4 17. Qf3 Nxe5 18. Rxe5 Kh8 19. g4
f6 20. Re3 fxg4 21. Qxg4 Rae8 22. Rde1 Rg8 23. Qh4 Rg6 24. Rg3 Reg8 25.
Reg1 Kg7 26. Kb1 Qd5 27. Qf4 Rc8 28. Re1 Kf7 29. Rge3 c6 30. Qh4 Kg8 31.
Rg3 Qf5 32. a3 Rd8 33. Ree3 c5 34. Rxg6+ hxg6 35. Rh3 Qh5 36. Qxf6 Qxh3 37.
Qxd8+ Kg7 38. Qc7+ Kh6 39. Qf4+ g5 40. Qf6+ Kh7 41. Qxg5 Qf1+ 42. Qc1 Qxf2
43. dxc5 bxc5 44. Qd1 Kh6 45. Qg4 Qe1+ 46. Ka2 e5 47. Kb3 e4 48. h4 Qe3+
49. c3 Qd3 50. Qg5+ Kh7 51. Qf5+ Kg7 52. h5 c4+ 53. Kb4 e3 54. Qg5+ Kf7 55.
Qf4+ Ke6 56. Qg4+ Kf7 57. Qf4+ Ke6 58. Qg4+ Kf7 59. h6 e2 60. Qg7+ Ke6 61.
Qg8+ Ke7 62. Qg7+ Ke6 63. Qg4+ Kf7 64. Qh5+ Kg8 65. Qe5 Qg6 66. Kxc4 Kh7
67. b4 Qg2 68. Kd3 e1=Q 69. Qxe1 Qd5+ 70. Kc2 Qa2+ 71. Kc1 Qa1+ 72. Kd2
Qa2+ 73. Ke3 Qe6+ 74. Kf2 Qf5+ 75. Kg1 Qg4+ 76. Kh2 Qh5+ 77. Kg2 Qd5+ 78.
Kg1 Qg5+ 79. Kf1 Qf5+ 80. Qf2 Qb1+ 81. Kg2 Qe4+ 82. Qf3 Qg6+ 83. Kf2 Qc2+
84. Kg3 Qg6+ 85. Qg4 Qd3+ 86. Qf3 Qg6+ 87. Kh4 Kxh6 88. Qe3+ Kh7 89. Qxa7+
Kh6 90. Qe3+ Kh7 91. Qf3 Qc2 92. Kg3 1-0

[Event "GMB"]
[Site "Wijk aan Zee NED"]
[Date "2004.01.14"]
[Round "4"]
[White "Lobron,E"]
[Black "Hamdouchi,H"]
[Result "1-0"]
[WhiteElo "2497"]
[BlackElo "2588"]
[EventDate "2004.01.10"]

1. e4 e5 2. Nf3 Nc6 3. Bb5 a6 4. Ba4 Nf6 5. O-O Be7 6. Re1 b5 7. Bb3 O-O 8.
h3 Bb7 9. d3 d6 10. a3 Re8 11. Nbd2 Bf8 12. Nf1 Nb8 13. Ng3 Nbd7 14. Ba2 d5
15. exd5 Bxd5 16. Bxd5 Nxd5 17. Bg5 f6 18. Bd2 c5 19. h4 N7b6 20. h5 Qd7
21. Nh4 c4 22. Ngf5 Ne7 23. Qg4 Nxf5 24. Nxf5 Kh8 25. Rad1 Rac8 26. Ba5 Nd5
27. dxc4 Rxc4 28. Re4 Qe6 29. Rxc4 bxc4 30. Bb4 Nxb4 31. axb4 e4 32. c3 Qf7
33. Ne3 a5 34. bxa5 Bc5 35. Rd7 f5 36. Rxf7 fxg4 37. Nxg4 h6 38. Rc7 Bd6
39. Rxc4 1-0

[Event "GMB"]
[Site "Wijk aan Zee NED"]
[Date "2004.01.18"]
[Round "7"]
[White "Tiviakov,S"]
[Black "Fressinet,L"]
[Result "0-1"]
[WhiteElo "2600"]
[BlackElo "2636"]
[EventDate "2004.01.10"]

1. e4 e5 2. Bc4 Nf6 3. d3 Nc6 4. Nf3 Be7 5. O-O O-O 6. Bb3 d6 7. c3 d5 8.
Qe2 dxe4 9. dxe4 Bc5 10. Bg5 h6 11. Bh4 Qe7 12. Nbd2 a6 13. Nc4 Be6 14. Bc2
g5 15. Bg3 Bg4 16. b4 b5 17. Ne3 Bxe3 18. Qxe3 Nh5 19. Bb3 Rad8 20. Bd5 Rd6
21. Qc5 Bxf3 22. Bxc6 Nf4 23. gxf3 Qe6 24. Bxf4 gxf4 25. Kh1 Qh3 26. Rg1+
Kh7 27. Rg2 Qxf3 28. Bd7 Rg8 29. Bf5+ Kh8 30. Qxe5+ f6 31. Bg4 Qxg2+ 32.
Kxg2 fxe5 33. Kh3 Rd3+ 34. f3 Rxc3 35. Rd1 Kg7 36. Kh4 Kf6 37. Kh5 Rg5+ 38.
Kh4 Rc2 39. h3 Rxa2 40. Rc1 Ke7 41. Rxc7+ Kd6 42. Rh7 Rg6 43. Kh5 Rf6 44.
Rd7+ Kc6 45. Rd5 a5 46. bxa5 Rxa5 47. Rxe5 Ra8 48. Re7 b4 49. e5 Rff8 50.
Kg6 b3 51. Bd7+ Kc5 52. Bf5 Ra6+ 53. e6 Rxf5 54. Kxf5 b2 55. Rb7 Rb6 56.
Rxb6 Kxb6 57. e7 b1=Q+ 0-1

[Event "GMB"]
[Site "Wijk aan Zee NED"]
[Date "2004.01.19"]
[Round "8"]
[White "Nijboer,F"]
[Black "Hamdouchi,H"]
[Result "1/2-1/2"]
[WhiteElo "2586"]
[BlackElo "2588"]
[EventDate "2004.01.10"]

1. e4 e5 2. Nf3 Nc6 3. Bb5 a6 4. Ba4 Nf6 5. O-O Be7 6. Re1 b5 7. Bb3 O-O 8.
a3 d6 9. c3 Be6 10. d4 Bxb3 11. Qxb3 d5 12. exd5 Na5 13. Qc2 exd4 14. cxd4
Nxd5 15. Nc3 Nxc3 16. Qxc3 Nc4 17. a4 Bf6 18. b3 Nd6 19. Bf4 bxa4 20. bxa4
Nf5 21. Be5 Bxe5 22. Rxe5 Nh4 23. Nxh4 Qxh4 24. Rae1 Qg4 25. h3 Qd7 26. Qc4
Rad8 27. R1e4 Qd6 28. Rc5 Rb8 29. g3 h6 30. h4 Rb7 31. Kg2 Rd8 32. a5 Ra8
33. Rf4 Qd7 34. Rc6 Qe7 35. Qd5 Rba7 36. Rc3 Rd8 37. Qc4 Rd6 38. d5 Qe5 39.
Rd3 Ra8 40. Re4 Qf5 41. Rf4 Qe5 42. Qxc7 Rf8 43. Qb7 Qe8 44. Kh2 Qd8 45.
Rdf3 Qd7 46. Qxd7 Rxd7 47. Rd3 Rfd8 48. Rfd4 h5 49. f3 Rd6 50. g4 hxg4 51.
fxg4 Rb8 52. Kg3 Rb5 53. Kf4 Rxa5 54. Ke4 Rc5 55. Rb4 Rc8 56. Ke5 Rcd8 57.
Rb7 f6+ 58. Ke4 Kh7 59. Rc7 Re8+ 60. Kd4 Rdd8 61. Kc5 Re1 62. d6 Kg8 63. g5
fxg5 64. hxg5 Rc1+ 65. Kb6 Rb1+ 66. Ka7 Rg1 67. Rb7 Kh7 68. d7 Rc1 69. Kb6
Kg6 70. Rc7 Rb1+ 71. Kc6 Kxg5 72. Kd6 Rbb8 73. Rdc3 Kf4 74. R7c4+ Kf5 75.
Rc5+ Kf4 76. R3c4+ Kf3 77. Rg5 Rg8 78. Ke7 a5 79. Rd4 Rbd8 80. Rg6 Ke3 81.
Rd5 a4 82. Ra5 Ke4 83. Rxa4+ Kf5 84. Raa6 Rb8 85. Rad6 Rbd8 86. Kf7 Rdf8+
87. Ke7 Rd8 88. Rb6 Ra8 89. Rgd6 g5 90. d8=Q Raxd8 91. Rxd8 Rxd8 92. Kxd8
g4 93. Ke7 g3 1/2-1/2

[Event "GMB"]
[Site "Wijk aan Zee NED"]
[Date "2004.01.23"]
[Round "11"]
[White "Stellwagen,D"]
[Black "Fressinet,L"]
[Result "1-0"]
[WhiteElo "2489"]
[BlackElo "2636"]
[EventDate "2004.01.10"]

1. e4 e5 2. Nf3 Nc6 3. Bb5 a6 4. Ba4 Nf6 5. O-O Be7 6. Re1 b5 7. Bb3 d6 8.
c3 O-O 9. h3 Na5 10. Bc2 c5 11. d4 Nd7 12. Nbd2 exd4 13. cxd4 Nc6 14. d5
Nce5 15. Nh2 Ng6 16. g3 Nf6 17. h4 Ne5 18. Ndf3 Neg4 19. a4 Rb8 20. axb5
axb5 21. b4 Nxh2 22. Nxh2 Nd7 23. Ng4 cxb4 24. Bb2 b3 25. Bb1 Nc5 26. e5
Rb6 27. Nf6+ Bxf6 28. exf6 g6 29. Qd2 Nd7 30. Re7 1-0

[Event "GMB"]
[Site "Wijk aan Zee NED"]
[Date "2004.01.24"]
[Round "12"]
[White "Tiviakov,S"]
[Black "Van der Wiel,J"]
[Result "1-0"]
[WhiteElo "2600"]
[BlackElo "2542"]
[EventDate "2004.01.10"]

1. e4 g6 2. d4 Bg7 3. c3 d6 4. Nf3 Nc6 5. Bg5 h6 6. Bh4 g5 7. Bg3 e6 8. h4
f5 9. exf5 exf5 10. d5 Qe7+ 11. Kd2 Ne5 12. hxg5 hxg5 13. Rxh8 Bxh8 14.
Nxe5 Bxe5 15. Bxe5 dxe5 16. Qh5+ Qf7 17. Qxg5 Qxd5+ 18. Ke1 Be6 19. Nd2 Kf8
20. Be2 Re8 21. Nf3 e4 22. Rd1 Qxa2 23. Nd4 Qd5 24. Bh5 Ra8 25. Bg6 c5 26.
Nxf5 1-0

[Event "GMB"]
[Site "Wijk aan Zee NED"]
[Date "2004.01.25"]
[Round "13"]
[White "Lobron,E"]
[Black "Tiviakov,S"]
[Result "1/2-1/2"]
[WhiteElo "2497"]
[BlackElo "2600"]
[EventDate "2004.01.10"]

1. d4 Nf6 2. c4 e6 3. Nc3 Bb4 4. Qc2 c5 5. dxc5 Bxc5 6. Nf3 Qb6 7. e3 Qc7
8. Be2 b6 9. b3 Bb7 10. Bb2 a6 11. Rd1 Be7 12. Rd2 d6 13. g4 h6 14. Rg1 g5
15. h4 Rg8 16. hxg5 hxg5 17. Nd4 Nbd7 18. Kd1 Rc8 19. e4 Ne5 20. f3 1/2-1/2